Siddharta /

Պահպանված է:
Մատենագիտական մանրամասներ
Հիմնական հեղինակ: Hesse, Hermann (Հեղինակ)
Ձևաչափ: Գիրք
Լեզու:իտալերեն
Հրապարակվել է: Milano : Adelphi, 1979
Հրատարակություն:20. ed
Շարք:Piccola biblioteca Adelphi ; 32
Ցուցիչներ: Ավելացրեք ցուցիչ
Չկան պիտակներ, Եղեք առաջինը, ով նշում է այս գրառումը!

MARC

LEADER 00000nam a22000007i 4500
001 IT\ICCU\LO1\0325768
003 ItRI
005 20240910101039.0
008 940202s1979 it |||||| ||||| |||||c
040 |b ita  |c CDM 
041 7 |a ita  |2 ISO-639-2 
082 |a 833.912  |2 19 
100 1 |a Hesse, Hermann  |0 IT\ICCU\CFIV\001444  |4 aut 
240 1 0 |a Siddhartha  |9 Hesse, Hermann 
245 1 0 |a Siddharta /  |c Hermann Hesse ; versione di Massimo Mila. 
250 |a 20. ed 
260 |a Milano :  |b Adelphi,  |c 1979 
300 |a 156 p. ;  |c 18 cm. 
830 0 |a Piccola biblioteca Adelphi ;  |v 32  |0 IT\ICCU\CFI\0003745 
942 |2 ddc  |c BK 
952 |0 0  |1 0  |2 ddc  |4 0  |6 833_912000000000000_HES_SID  |7 1  |9 1916  |a RA  |b RA  |d 2024-09-10  |l 0  |o 833.912 HES SID  |p 9513  |r 2024-09-10 10:11:51  |w 2024-09-10  |y BK  |z Donazione di Pietro Brentini 
952 |0 0  |1 0  |2 ddc  |4 0  |6 833_912000000000000_HES_SID  |7 1  |9 2400  |a RN  |b RN  |d 2024-12-27  |l 0  |o 833.912 HES SID  |p 9853  |r 2024-12-27 11:16:21  |w 2024-12-27  |y BK 
981 1 |6 z01  |a i   |b xxxe  
982 1 |6 z01  |a n 
999 |c 1694  |d 1694